[Event "DEM U10w 2023"]
[Site "Willingen GER"]
[Date "2023.06.03"]
[Round "11"]
[White "Trush, Diana"]
[Black "Lange, Lene Marie"]
[Result "0-1"]
[Termination "normal"]
[Board "10"]
[WhiteElo "1002"]
[BlackElo "1168"]
[WhiteClock "00:33:50"]
[BlackClock "00:45:38"]
[PlyCount "90"]
[WhiteFideId "34644091"]
[BlackFideId "34639748"]
[EventCountry "GER"]
[EventRounds "11"]
[EventType "swiss"]
[EventDate "2023.05.27"]

1. f4 {[%clk 01:15:56]} {[%emt 00:00:03]} d5 {[%clk 01:15:53]} {[%emt
00:00:08]} 2. Nf3 {[%clk 01:16:05]} {[%emt 00:00:20]} g6 {[%clk 01:16:00]}
{[%emt 00:00:23]} 3. e3 {[%clk 01:14:34]} {[%emt 00:02:00]} Bg7 {[%clk
01:14:34]} {[%emt 00:01:58]} 4. Be2 {[%clk 01:13:56]} {[%emt 00:01:06]} Nf6
{[%clk 01:13:49]} {[%emt 00:01:17]} 5. O-O {[%clk 01:12:05]} {[%emt 00:02:19]}
O-O {[%clk 01:12:58]} {[%emt 00:01:23]} 6. d3 {[%clk 01:11:35]} {[%emt
00:01:00]} Bg4 {[%clk 01:11:32]} {[%emt 00:01:56]} 7. h3 {[%clk 01:11:04]}
{[%emt 00:01:00]} Bxf3 {[%clk 01:11:04]} {[%emt 00:00:58]} 8. Bxf3 {[%clk
01:11:30]} {[%emt 00:00:04]} Nbd7 {[%clk 01:10:31]} {[%emt 00:01:03]} 9. Bd2
{[%clk 01:09:55]} {[%emt 00:02:05]} c5 {[%clk 01:08:24]} {[%emt 00:02:38]} 10.
Bc3 {[%clk 01:09:14]} {[%emt 00:01:10]} Qb6 {[%clk 01:06:56]} {[%emt 00:01:59]}
11. d4 {[%clk 01:09:11]} {[%emt 00:00:34]} e6 {[%clk 01:05:44]} {[%emt
00:01:41]} 12. Qe1 {[%clk 00:56:21]} {[%emt 00:13:20]} cxd4 {[%clk 01:01:14]}
{[%emt 00:05:00]} 13. exd4 {[%clk 00:56:47]} {[%emt 00:00:03]} Rac8 {[%clk
00:59:37]} {[%emt 00:02:07]} 14. Kh2 {[%clk 00:51:43]} {[%emt 00:05:34]} Qc7
{[%clk 00:56:28]} {[%emt 00:03:39]} 15. g4 {[%clk 00:50:13]} {[%emt 00:02:01]}
Qxf4+ {[%clk 00:56:00]} {[%emt 00:00:58]} 16. Kh1 {[%clk 00:46:41]} {[%emt
00:04:02]} Qc7 {[%clk 00:53:10]} {[%emt 00:03:20]} 17. Rg1 {[%clk 00:46:49]}
{[%emt 00:00:22]} Qb6 {[%clk 00:49:06]} {[%emt 00:04:33]} 18. g5 {[%clk
00:46:35]} {[%emt 00:00:44]} Ne8 {[%clk 00:49:16]} {[%emt 00:00:20]} 19. h4
{[%clk 00:46:41]} {[%emt 00:00:24]} Bxd4 {[%clk 00:49:14]} {[%emt 00:00:32]}
20. Bxd4 {[%clk 00:46:53]} {[%emt 00:00:18]} Qxd4 {[%clk 00:49:31]} {[%emt
00:00:13]} 21. c3 {[%clk 00:46:50]} {[%emt 00:00:33]} Qe5 {[%clk 00:49:11]}
{[%emt 00:00:50]} 22. h5 {[%clk 00:45:51]} {[%emt 00:01:29]} Qxe1 {[%clk
00:49:26]} {[%emt 00:00:15]} 23. Rxe1 {[%emt 00:00:03]} Nc5 {[%clk 00:49:02]}
{[%emt 00:00:52]} 24. hxg6 {[%clk 00:46:35]} {[%emt 00:00:15]} fxg6 {[%clk
00:49:23]} {[%emt 00:00:10]} 25. Bg4 {[%clk 00:46:11]} {[%emt 00:00:54]} Rf4
{[%clk 00:49:01]} {[%emt 00:00:51]} 26. Rg1 {[%clk 00:46:29]} {[%emt 00:00:12]}
Rc6 {[%clk 00:47:48]} {[%emt 00:01:44]} 27. Nd2 {[%clk 00:46:00]} {[%emt
00:00:59]} Nd3 {[%clk 00:47:50]} {[%emt 00:00:27]} 28. Rab1 {[%clk 00:45:57]}
{[%emt 00:00:34]} Nf2+ {[%clk 00:48:10]} {[%emt 00:00:10]} 29. Kg2 {[%clk
00:45:09]} {[%emt 00:01:18]} Nxg4 {[%clk 00:47:22]} {[%emt 00:01:18]} 30. Kg3
{[%clk 00:45:34]} {[%emt 00:00:05]} e5 {[%clk 00:47:27]} {[%emt 00:00:25]} 31.
Rgf1 {[%clk 00:45:17]} {[%emt 00:00:47]} Rxf1 {[%clk 00:47:33]} {[%emt
00:00:24]} 32. Rxf1 {[%clk 00:45:45]} {[%emt 00:00:01]} Ne3 {[%clk 00:47:49]}
{[%emt 00:00:14]} 33. Re1 {[%clk 00:45:14]} {[%emt 00:01:03]} Nc4 {[%clk
00:47:51]} {[%emt 00:00:27]} 34. Nxc4 {[%clk 00:45:28]} {[%emt 00:00:15]} Rxc4
{[%clk 00:48:08]} {[%emt 00:00:14]} 35. Rxe5 {[%clk 00:45:43]} {[%emt
00:00:15]} Nc7 {[%clk 00:47:21]} {[%emt 00:01:17]} 36. Re7 {[%clk 00:44:07]}
{[%emt 00:02:07]} b6 {[%clk 00:45:38]} {[%emt 00:02:13]} 37. Rd7 {[%clk
00:38:00]} {[%emt 00:06:37]} Ne6 {[%clk 00:44:37]} {[%emt 00:01:29]} 38. Rxd5
{[%clk 00:38:05]} {[%emt 00:00:25]} Rc5 {[%clk 00:44:55]} {[%emt 00:00:13]} 39.
Rd7 {[%clk 00:38:02]} {[%emt 00:00:33]} Rxg5+ {[%clk 00:44:53]} {[%emt
00:00:31]} 40. Kh4 {[%clk 00:38:12]} {[%emt 00:00:20]} Rg2 {[%clk 00:45:01]}
{[%emt 00:00:24]} 41. Re7 {[%clk 00:36:56]} {[%emt 00:01:45]} Nf4 {[%clk
00:44:54]} {[%emt 00:00:37]} 42. Re8+ {[%clk 00:36:32]} {[%emt 00:00:54]} Kg7
{[%clk 00:45:04]} {[%emt 00:00:19]} 43. Re5 {[%clk 00:36:31]} {[%emt 00:00:31]}
Kh6 {[%clk 00:45:25]} {[%emt 00:00:10]} 44. Rh5+ {[%clk 00:34:33]} {[%emt
00:02:28]} gxh5 {[%clk 00:45:38]} {[%emt 00:00:16]} 45. a4 {[%clk 00:33:50]}
{[%emt 00:00:08]} Rg4# {[%clk 00:45:38]} 0-1

[Event "DEM U10w 2023"]
[Site "Willingen GER"]
[Date "2023.06.03"]
[Round "11"]
[White "Tiuca, Emma"]
[Black "Lukas, Olivia"]
[Result "1/2-1/2"]
[Termination "normal"]
[Board "11"]
[WhiteElo "1149"]
[BlackElo "1288"]
[WhiteClock "01:08:35"]
[BlackClock "00:15:21"]
[PlyCount "181"]
[WhiteFideId "4007549"]
[BlackFideId "34632239"]
[EventCountry "GER"]
[EventRounds "11"]
[EventType "swiss"]
[EventDate "2023.05.27"]

1. e4 {[%clk 01:15:58]} {[%emt 00:00:01]} e5 {[%clk 01:15:54]} {[%emt
00:00:06]} 2. Nf3 {[%clk 01:16:16]} {[%emt 00:00:11]} Nc6 {[%clk 01:16:15]}
{[%emt 00:00:10]} 3. Bb5 {[%clk 01:16:38]} {[%emt 00:00:08]} a6 {[%clk
01:16:31]} {[%emt 00:00:14]} 4. Ba4 {[%clk 01:17:01]} {[%emt 00:00:06]} Nf6
{[%clk 01:16:51]} {[%emt 00:00:10]} 5. O-O {[%clk 01:17:20]} {[%emt 00:00:11]}
b5 {[%clk 01:17:03]} {[%emt 00:00:19]} 6. Bb3 {[%clk 01:17:41]} {[%emt
00:00:08]} Bb7 {[%clk 01:17:11]} {[%emt 00:00:21]} 7. Re1 {[%clk 01:18:01]}
{[%emt 00:00:11]} Be7 {[%clk 01:17:06]} {[%emt 00:00:36]} 8. c3 {[%clk
01:18:14]} {[%emt 00:00:16]} O-O {[%clk 01:16:40]} {[%emt 00:00:57]} 9. d4
{[%clk 01:18:19]} {[%emt 00:00:24]} d6 {[%clk 01:14:19]} {[%emt 00:02:52]} 10.
Nbd2 {[%clk 01:15:57]} {[%emt 00:02:52]} Qd7 {[%clk 01:12:52]} {[%emt
00:01:57]} 11. Nf1 {[%clk 01:15:11]} {[%emt 00:01:16]} Rfe8 {[%clk 01:08:49]}
{[%emt 00:04:33]} 12. Ng3 {[%clk 01:15:17]} {[%emt 00:00:23]} Rad8 {[%clk
01:06:54]} {[%emt 00:02:26]} 13. d5 {[%clk 01:12:44]} {[%emt 00:03:01]} Na7
{[%clk 01:02:42]} {[%emt 00:04:45]} 14. Bd2 {[%clk 01:12:39]} {[%emt 00:00:32]}
c6 {[%clk 01:00:06]} {[%emt 00:03:09]} 15. Be3 {[%clk 01:12:23]} {[%emt
00:00:42]} Nc8 {[%clk 00:57:55]} {[%emt 00:02:45]} 16. h3 {[%clk 01:12:25]}
{[%emt 00:00:26]} cxd5 {[%clk 00:54:49]} {[%emt 00:03:36]} 17. exd5 {[%clk
01:12:39]} {[%emt 00:00:15]} a5 {[%clk 00:52:09]} {[%emt 00:03:12]} 18. a4
{[%clk 01:12:50]} {[%emt 00:00:18]} b4 {[%clk 00:48:52]} {[%emt 00:03:49]} 19.
cxb4 {[%clk 01:12:50]} {[%emt 00:00:28]} axb4 {[%clk 00:46:41]} {[%emt
00:02:42]} 20. Qd2 {[%clk 01:12:57]} {[%emt 00:00:18]} h6 {[%clk 00:44:43]}
{[%emt 00:02:32]} 21. Rad1 {[%clk 01:12:14]} {[%emt 00:01:08]} Ba8 {[%clk
00:40:56]} {[%emt 00:04:24]} 22. Qxb4 {[%clk 01:10:52]} {[%emt 00:01:51]} Bf8
{[%clk 00:37:14]} {[%emt 00:04:12]} 23. Qb5 {[%clk 01:10:37]} {[%emt 00:00:37]}
Qxb5 {[%clk 00:36:12]} {[%emt 00:01:40]} 24. axb5 {[%clk 01:10:55]} {[%emt
00:00:11]} Ne7 {[%clk 00:35:39]} {[%emt 00:01:05]} 25. Bb6 {[%clk 01:05:54]}
{[%emt 00:05:28]} Rd7 {[%clk 00:32:31]} {[%emt 00:03:41]} 26. Be3 {[%clk
01:04:40]} {[%emt 00:01:41]} Nfxd5 {[%clk 00:31:24]} {[%emt 00:01:39]} 27. Ba4
{[%clk 01:04:45]} {[%emt 00:00:24]} Rb8 {[%clk 00:29:47]} {[%emt 00:02:09]} 28.
Ra1 {[%clk 01:02:44]} {[%emt 00:02:27]} Nc8 {[%clk 00:27:22]} {[%emt 00:02:59]}
29. Ra3 {[%clk 01:00:07]} {[%emt 00:03:05]} Rc7 {[%clk 00:24:33]} {[%emt
00:03:20]} 30. Rb3 {[%clk 00:59:10]} {[%emt 00:01:21]} Nxe3 {[%clk 00:21:01]}
{[%emt 00:04:08]} 31. Rexe3 {[%clk 00:59:06]} {[%emt 00:00:28]} f6 {[%clk
00:18:37]} {[%emt 00:03:01]} 32. Rec3 {[%clk 00:58:21]} {[%emt 00:01:10]} Ra7
{[%clk 00:17:29]} {[%emt 00:01:43]} 33. Ra3 {[%emt 00:02:12]} d5 {[%clk
00:16:43]} 34. Ra1 {[%clk 00:57:59]} {[%emt 00:00:23]} Nb6 {[%clk 00:16:00]}
{[%emt 00:01:16]} 35. b3 {[%clk 00:58:06]} {[%emt 00:00:22]} d4 {[%clk
00:15:02]} {[%emt 00:01:29]} 36. Rcc1 {[%clk 00:58:15]} {[%emt 00:00:17]} Bd5
{[%clk 00:13:24]} {[%emt 00:02:11]} 37. Rcb1 {[%clk 00:57:35]} {[%emt
00:01:06]} Rc8 {[%clk 00:11:51]} {[%emt 00:02:07]} 38. Ne2 {[%clk 00:56:31]}
{[%emt 00:01:34]} e4 {[%clk 00:11:39]} {[%emt 00:00:42]} 39. Nfxd4 {[%clk
00:56:36]} {[%emt 00:00:23]} Nxa4 {[%clk 00:10:53]} {[%emt 00:01:19]} 40. bxa4
{[%clk 00:56:34]} {[%emt 00:00:28]} Rc4 {[%clk 00:10:52]} {[%emt 00:00:35]} 41.
a5 {[%clk 00:56:06]} {[%emt 00:00:56]} Bc5 {[%clk 00:09:57]} {[%emt 00:01:27]}
42. Nf5 {[%clk 00:55:38]} {[%emt 00:00:56]} Rc2 {[%clk 00:08:53]} {[%emt
00:01:35]} 43. b6 {[%clk 00:55:00]} {[%emt 00:01:03]} Rb7 {[%clk 00:07:52]}
{[%emt 00:01:37]} 44. Nfg3 {[%clk 00:55:05]} {[%emt 00:00:20]} Bc4 {[%clk
00:07:18]} {[%emt 00:01:09]} 45. Kf1 {[%clk 00:54:08]} {[%emt 00:01:24]} Bd3
{[%clk 00:05:46]} {[%emt 00:02:04]} 46. Rb3 {[%clk 00:53:46]} {[%emt 00:00:47]}
Bd6 {[%clk 00:05:20]} {[%emt 00:01:02]} 47. Re1 {[%clk 00:51:16]} {[%emt
00:02:56]} Ra2 {[%clk 00:05:04]} {[%emt 00:00:50]} 48. Nf5 {[%clk 00:50:59]}
{[%emt 00:00:40]} Bf8 {[%clk 00:04:12]} {[%emt 00:01:28]} 49. Nfd4 {[%clk
00:50:36]} {[%emt 00:00:48]} Rxa5 {[%clk 00:03:55]} {[%emt 00:00:53]} 50. Nc6
{[%clk 00:50:21]} {[%emt 00:00:42]} Ra6 {[%clk 00:03:31]} {[%emt 00:00:57]} 51.
Rc1 {[%clk 00:49:32]} {[%emt 00:01:16]} Raxb6 {[%clk 00:02:24]} {[%emt
00:01:40]} 52. Rxb6 {[%clk 00:49:50]} {[%emt 00:00:11]} Rxb6 {[%clk 00:02:29]}
{[%emt 00:00:26]} 53. Ncd4 {[%clk 00:49:57]} {[%emt 00:00:19]} Bc5 {[%clk
00:01:11]} {[%emt 00:01:52]} 54. Kg1 {[%clk 00:49:15]} {[%emt 00:01:06]} Bd6
{[%clk 00:15:23]} {[%emt 00:01:24]} 55. Ng3 {[%clk 01:04:05]} {[%emt 00:00:38]}
Be5 {[%clk 00:14:09]} {[%emt 00:01:46]} 56. Nc6 {[%clk 01:03:39]} {[%emt
00:00:50]} Bf4 {[%clk 00:13:30]} {[%emt 00:01:15]} 57. Rc3 {[%clk 01:03:05]}
{[%emt 00:00:55]} Bb5 {[%clk 00:12:57]} {[%emt 00:01:12]} 58. Nd4 {[%clk
01:02:53]} {[%emt 00:00:37]} Bd3 {[%clk 00:12:37]} {[%emt 00:00:54]} 59. Kh2
{[%clk 01:01:28]} {[%emt 00:01:52]} h5 {[%clk 00:12:16]} {[%emt 00:00:55]} 60.
h4 {[%clk 01:01:17]} {[%emt 00:00:38]} Kh7 {[%clk 00:12:31]} {[%emt 00:00:17]}
61. Kh3 {[%clk 01:01:33]} {[%emt 00:02:27]} Be5 {[%clk 00:12:09]} {[%emt
00:00:54]} 62. f3 {[%clk 01:01:30]} {[%emt 00:00:31]} Bxd4 {[%clk 00:12:24]}
{[%emt 00:00:17]} 63. Rc1 {[%clk 01:01:42]} {[%emt 00:00:17]} e3 {[%clk
00:12:30]} {[%emt 00:00:25]} 64. Rd1 {[%clk 01:01:52]} {[%emt 00:00:16]} e2
{[%clk 00:12:28]} {[%emt 00:00:35]} 65. Nxe2 {[%clk 01:02:14]} {[%emt
00:00:07]} Bxe2 {[%clk 00:12:24]} {[%emt 00:00:36]} 66. Rxd4 {[%clk 01:02:25]}
{[%emt 00:00:17]} Rb2 {[%clk 00:12:34]} {[%emt 00:00:22]} 67. Re4 {[%clk
01:02:30]} {[%emt 00:00:21]} Bf1 {[%clk 00:12:50]} {[%emt 00:00:17]} 68. Kg3
{[%clk 01:02:34]} {[%emt 00:00:23]} Rxg2+ {[%clk 00:12:45]} {[%emt 00:00:38]}
69. Kf4 {[%clk 01:02:54]} {[%emt 00:00:06]} g5+ {[%clk 00:12:01]} {[%emt
00:01:19]} 70. hxg5 {[%clk 01:03:03]} {[%emt 00:00:19]} fxg5+ {[%clk 00:12:18]}
{[%emt 00:00:15]} 71. Ke5 {[%clk 01:03:11]} {[%emt 00:00:13]} Be2 {[%clk
00:11:51]} {[%emt 00:01:05]} 72. f4 {[%clk 01:03:16]} {[%emt 00:00:22]} gxf4
{[%clk 00:11:02]} {[%emt 00:01:23]} 73. Rxf4 {[%clk 01:03:33]} {[%emt
00:00:08]} Rg4 {[%emt 00:00:39]} 74. Rxg4 {[%clk 01:03:11]} {[%emt 00:00:33]}
hxg4 {[%clk 00:11:32]} {[%emt 00:00:14]} 75. Kf4 {[%clk 01:03:33]} {[%emt
00:00:07]} Kg6 {[%clk 00:11:50]} {[%emt 00:00:14]} 76. Kg3 {[%clk 01:03:52]}
{[%emt 00:00:07]} Kg5 {[%clk 00:12:02]} {[%emt 00:00:22]} 77. Kg2 {[%clk
01:04:11]} {[%emt 00:00:10]} Kh4 {[%clk 00:12:03]} {[%emt 00:00:30]} 78. Kg1
{[%clk 01:04:22]} {[%emt 00:00:12]} g3 {[%clk 00:12:06]} {[%emt 00:00:34]} 79.
Kg2 {[%clk 01:04:42]} {[%emt 00:00:08]} Bc4 {[%clk 00:12:26]} {[%emt 00:00:12]}
80. Kg1 {[%clk 01:04:42]} {[%emt 00:00:29]} Kh3 {[%clk 00:12:47]} {[%emt
00:00:09]} 81. Kh1 {[%clk 01:05:02]} {[%emt 00:00:09]} g2+ {[%clk 00:12:54]}
{[%emt 00:00:24]} 82. Kg1 {[%clk 01:05:24]} {[%emt 00:00:09]} Bd5 {[%clk
00:12:47]} {[%emt 00:00:37]} 83. Kf2 {[%clk 01:05:45]} {[%emt 00:00:08]} Kh2
{[%clk 00:13:11]} {[%emt 00:00:06]} 84. Ke3 {[%clk 01:06:08]} {[%emt 00:00:07]}
g1=Q+ {[%clk 00:13:35]} {[%emt 00:00:06]} 85. Kf4 {[%clk 01:06:29]} {[%emt
00:00:09]} Qe1 {[%clk 00:13:57]} {[%emt 00:00:08]} 86. Kf5 {[%clk 01:06:54]}
{[%emt 00:00:05]} Qe6+ {[%clk 00:14:14]} {[%emt 00:00:14]} 87. Kf4 {[%clk
01:07:15]} {[%emt 00:00:06]} Qe4+ {[%clk 00:14:26]} {[%emt 00:00:21]} 88. Kg5
{[%clk 01:07:38]} {[%emt 00:00:06]} Qf3 {[%clk 00:14:38]} {[%emt 00:00:19]} 89.
Kg6 {[%clk 01:08:02]} {[%emt 00:00:06]} Be6 {[%clk 00:15:01]} {[%emt 00:00:08]}
90. Kg5 {[%clk 01:08:16]} {[%emt 00:00:12]} Qf6+ {[%clk 00:15:21]} {[%emt
00:00:13]} 91. Kxf6 {[%clk 01:08:35]} {[%emt 00:00:07]} 1/2-1/2

[Event "DEM U10w 2023"]
[Site "Willingen GER"]
[Date "2023.06.03"]
[Round "11"]
[White "Englert, Ann"]
[Black "Greither, Flora"]
[Result "1/2-1/2"]
[Termination "normal"]
[Board "12"]
[WhiteElo "1328"]
[BlackElo "978"]
[WhiteClock "00:48:42"]
[BlackClock "00:59:35"]
[PlyCount "95"]
[WhiteFideId "34606181"]
[BlackFideId "533000697"]
[EventCountry "GER"]
[EventRounds "11"]
[EventType "swiss"]
[EventDate "2023.05.27"]

1. d4 {[%clk 01:15:58]} {[%emt 00:00:01]} d5 {[%clk 01:15:56]} {[%emt
00:00:04]} 2. c4 {[%clk 01:16:21]} {[%emt 00:00:07]} c6 {[%clk 01:16:21]}
{[%emt 00:00:05]} 3. Nc3 {[%clk 01:16:46]} {[%emt 00:00:06]} Nf6 {[%clk
01:16:43]} {[%emt 00:00:08]} 4. cxd5 {[%clk 01:17:08]} {[%emt 00:00:08]} cxd5
{[%clk 01:17:05]} {[%emt 00:00:08]} 5. Bf4 {[%clk 01:17:30]} {[%emt 00:00:08]}
Bf5 {[%clk 01:17:12]} {[%emt 00:00:23]} 6. e3 {[%clk 01:17:51]} {[%emt
00:00:08]} Nc6 {[%clk 01:17:03]} {[%emt 00:00:40]} 7. Nf3 {[%clk 01:18:03]}
{[%emt 00:00:17]} e6 {[%clk 01:16:34]} {[%emt 00:01:00]} 8. Be2 {[%clk
01:18:18]} {[%emt 00:00:14]} Bb4 {[%clk 01:16:44]} {[%emt 00:00:21]} 9. O-O
{[%clk 01:18:25]} {[%emt 00:00:22]} Bd6 {[%clk 01:16:45]} {[%emt 00:00:29]} 10.
Bxd6 {[%clk 01:18:19]} {[%emt 00:00:36]} Qxd6 {[%clk 01:16:37]} {[%emt
00:00:38]} 11. a3 {[%clk 01:14:33]} {[%emt 00:04:17]} O-O {[%clk 01:16:46]}
{[%emt 00:00:21]} 12. Rc1 {[%clk 01:14:04]} {[%emt 00:00:58]} Rac8 {[%clk
01:15:18]} {[%emt 00:01:58]} 13. Nb5 {[%clk 01:14:04]} {[%emt 00:00:30]} Qe7
{[%clk 01:15:24]} {[%emt 00:00:24]} 14. Ne5 {[%clk 01:12:36]} {[%emt 00:01:58]}
Nxe5 {[%clk 01:14:58]} {[%emt 00:00:57]} 15. dxe5 {[%clk 01:12:33]} {[%emt
00:00:32]} Ne4 {[%clk 01:15:03]} {[%emt 00:00:25]} 16. f3 {[%clk 01:09:55]}
{[%emt 00:03:08]} Nc5 {[%clk 01:14:35]} {[%emt 00:00:57]} 17. Nxa7 {[%clk
01:09:55]} {[%emt 00:00:31]} Ra8 {[%clk 01:14:44]} {[%emt 00:00:20]} 18. Nb5
{[%clk 01:09:10]} {[%emt 00:01:15]} Nd7 {[%clk 01:14:04]} {[%emt 00:01:11]} 19.
f4 {[%clk 01:09:14]} {[%emt 00:00:26]} Nc5 {[%clk 01:11:58]} {[%emt 00:02:36]}
20. Nd6 {[%clk 01:09:31]} {[%emt 00:00:13]} Ne4 {[%clk 01:11:54]} {[%emt
00:00:34]} 21. Nxf5 {[%clk 01:09:37]} {[%emt 00:00:24]} exf5 {[%clk 01:12:12]}
{[%emt 00:00:12]} 22. Qxd5 {[%clk 01:08:19]} {[%emt 00:01:49]} Rad8 {[%clk
01:12:26]} {[%emt 00:00:15]} 23. Qa2 {[%clk 01:08:00]} {[%emt 00:00:43]} Nd2
{[%clk 01:09:52]} {[%emt 00:03:09]} 24. Rfd1 {[%clk 01:08:02]} {[%emt
00:00:29]} Ne4 {[%clk 01:09:56]} {[%emt 00:00:26]} 25. Bf3 {[%clk 01:07:58]}
{[%emt 00:00:34]} Rxd1+ {[%clk 01:09:21]} {[%emt 00:01:06]} 26. Rxd1 {[%clk
01:08:11]} {[%emt 00:00:16]} h6 {[%clk 01:09:23]} {[%emt 00:00:28]} 27. Bxe4
{[%clk 01:08:10]} {[%emt 00:00:32]} fxe4 {[%clk 01:08:51]} {[%emt 00:01:02]}
28. b4 {[%clk 01:07:44]} {[%emt 00:00:55]} b5 {[%clk 01:08:35]} {[%emt
00:00:47]} 29. Qd5 {[%clk 01:07:55]} {[%emt 00:00:17]} Qa7 {[%clk 01:08:14]}
{[%emt 00:00:52]} 30. Qxe4 {[%clk 01:07:40]} {[%emt 00:00:45]} Qxa3 {[%clk
01:08:30]} {[%emt 00:00:14]} 31. Qd4 {[%clk 01:06:31]} {[%emt 00:01:38]} Qb3
{[%clk 01:07:51]} {[%emt 00:01:09]} 32. Rc1 {[%clk 01:03:03]} {[%emt 00:03:55]}
Qa3 {[%clk 01:07:33]} {[%emt 00:00:40]} 33. Qc3 {[%clk 01:03:23]} {[%emt
00:00:19]} Qa7 {[%clk 01:07:39]} {[%emt 00:00:26]} 34. Ra1 {[%clk 01:02:31]}
{[%emt 00:01:23]} Qb7 {[%clk 01:07:40]} {[%emt 00:00:30]} 35. Qd3 {[%clk
01:02:09]} {[%emt 00:00:51]} Qe7 {[%clk 01:07:18]} {[%emt 00:00:51]} 36. Rb1
{[%clk 01:01:55]} {[%emt 00:00:41]} Rb8 {[%clk 01:07:16]} {[%emt 00:00:35]} 37.
Qd6 {[%clk 01:01:47]} {[%emt 00:00:38]} Qa7 {[%clk 01:06:54]} {[%emt 00:00:53]}
38. Kh1 {[%clk 01:01:53]} {[%emt 00:00:24]} Rf8 {[%clk 01:06:39]} {[%emt
00:00:46]} 39. Qc5 {[%clk 01:01:52]} {[%emt 00:00:30]} Qa2 {[%clk 01:06:42]}
{[%emt 00:00:27]} 40. Rc1 {[%clk 01:01:07]} {[%emt 00:01:15]} Qa3 {[%clk
01:06:24]} {[%emt 00:00:47]} 41. Qc3 {[%clk 01:01:24]} {[%emt 00:00:13]} Qa7
{[%clk 01:06:13]} {[%emt 00:00:34]} 42. Kg1 {[%clk 01:00:20]} {[%emt 00:01:42]}
Qb7 {[%clk 01:05:30]} {[%emt 00:01:13]} 43. Qc6 {[%clk 01:00:40]} {[%emt
00:00:11]} Qa7 {[%clk 01:05:30]} {[%emt 00:00:26]} 44. Qc5 {[%clk 01:00:28]}
{[%emt 00:00:45]} Qa3 {[%clk 01:05:15]} {[%emt 00:00:40]} 45. Qc3 {[%clk
01:00:28]} {[%emt 00:00:36]} Qa7 {[%clk 01:03:17]} {[%emt 00:02:26]} 46. Kf2
{[%clk 00:57:54]} {[%emt 00:03:05]} Qe7 {[%clk 00:59:59]} {[%emt 00:03:42]} 47.
g3 {[%clk 00:56:37]} {[%emt 00:01:53]} Qe6 {[%clk 00:59:35]} {[%emt 00:00:52]}
48. Kg1 {[%clk 00:48:42]} {[%emt 00:08:27]} 1/2-1/2